Hitom je funkčný čaj

Nápoje sa už dávno nepijú len preto, že je človek smädný, alebo má na niečo jednoducho chuť. Čím ďalej, tým viac spotrebiteľov očakáva, že ak už nejaký produkt konzumujú, dostanú k nemu aj pridanú hodnotu, napríklad vo forme vitamínov či rôznych výživových doplnkov. A tak ako na trh prenikli rôzne f...

Ausführliche Beschreibung

Gespeichert in:
Bibliographische Detailangaben
1. Verfasser: Kapitán, Peter
Format: Buchkapitel
Sprache:Slowakisch
Schlagworte:
Tags: Tag hinzufügen
Keine Tags, Fügen Sie das erste Tag hinzu!

MARC

LEADER 00000naa a2200000 4500
001 0296921
005 20240417075252.5
041 0 |a slo 
044 |a CZ 
245 1 0 |a Hitom je funkčný čaj  |c Peter Kapitán 
520 |a Nápoje sa už dávno nepijú len preto, že je človek smädný, alebo má na niečo jednoducho chuť. Čím ďalej, tým viac spotrebiteľov očakáva, že ak už nejaký produkt konzumujú, dostanú k nemu aj pridanú hodnotu, napríklad vo forme vitamínov či rôznych výživových doplnkov. A tak ako na trh prenikli rôzne funkčné vitamínové vody a iónové nápoje, trend „funkčnosti“ preniká aj do oblasti teplých nápojov. Výrobcovia pritom s ich prípravou často nemajú veľké ťažkosti, veď bylinné a rôzne ovocné čaje vitamíny a iné potrebné látky vždy aj obsahovali. Dnes ich stačí len vyzdvihnúť. 
610 2 0 |a čaj 
610 2 0 |a káva 
610 2 0 |a nápoje nealkoholické 
610 2 0 |a preferencie spotrebiteľské 
610 2 0 |a štýl životný 
610 2 0 |a spokojnosť zákazníkov 
100 1 |a Kapitán, Peter